Charles correa : (Record no. 353937)

000 -LEADER
fixed length control field 02422nam a2200277 a 4500
001 - CONTROL NUMBER
control field ASIN185946517X
003 - CONTROL NUMBER IDENTIFIER
control field OSt
005 - DATE AND TIME OF LATEST TRANSACTION
control field 20180116192422.0
008 - FIXED-LENGTH DATA ELEMENTS--GENERAL INFORMATION
fixed length control field 140407s2013 xxu eng d
020 ## - INTERNATIONAL STANDARD BOOK NUMBER
International Standard Book Number 185946517X (paperback)
Terms of availability $15.95
020 ## - INTERNATIONAL STANDARD BOOK NUMBER
International Standard Book Number 9781859465172 (paperback)
040 ## - CATALOGING SOURCE
Transcribing agency sada
050 04 - LIBRARY OF CONGRESS CALL NUMBER
Classification number NA1510.C67
082 04 - DEWEY DECIMAL CLASSIFICATION NUMBER
Classification number 720.92
100 ## - MAIN ENTRY--PERSONAL NAME
9 (RLIN) 7503
245 10 - TITLE STATEMENT
Title Charles correa :
Remainder of title india's greatest architect /
Statement of responsibility, etc. edited by Irena Murray.
260 ## - PUBLICATION, DISTRIBUTION, ETC.
Place of publication, distribution, etc. [S.l.] :
Name of publisher, distributor, etc. RIBA Publishing,
Date of publication, distribution, etc. 2013.
300 ## - PHYSICAL DESCRIPTION
Extent 72 p. ;
Dimensions 22 cm.
520 ## - SUMMARY, ETC.
Summary, etc. This book celebrates the work of India's greatest architect, Charles Correa. Born in 1930, Correa is an Indian and international architect who, in a lifetime of achievement, has created work which is consistently beautiful, human and enduring. He played a defining role in the architecture of post-Independence India and has designed some of the most outstanding cultural and civic monuments, science institutes, schools, housing developments and new cities, based on a profound understanding of his country,s history, needs and aspirations. Correa's work has provided inspiration for future generations of architects at a time of vertiginous population and economic growth in the region. For this, he has received many awards including Britain's highest architectural accolade, the Royal Gold Medal in 1984. Rooted in India but educated as an architect in the United States and steeped in the modernist teachings of Le Corbusier, Correa has concentrated on the living patterns in communities where he worked, achieving remarkable results with simple but effective means. Tradition and modernity are not opposites for him. Always contemporary, he has subtly layered the history of the land and of ideas in his designs. His sources range from the railway models of his childhood to conceptions of the Cosmos and to street-hawkers' use of the Mumbai pavements. Throughout his career, he has demonstrated a remarkably consistent approach, guided by a respect for the given conditions, a desire to effect change without forced interference, and a passion to combine fitness for purpose with beauty and spirituality.
650 #0 - SUBJECT ADDED ENTRY--TOPICAL TERM
Topical term or geographic name entry element Architecture
9 (RLIN) 7504
650 #0 - SUBJECT ADDED ENTRY--TOPICAL TERM
Topical term or geographic name entry element Correa, Charles, 1930-
9 (RLIN) 7505
650 #0 - SUBJECT ADDED ENTRY--TOPICAL TERM
Topical term or geographic name entry element India
9 (RLIN) 7506
700 1# - ADDED ENTRY--PERSONAL NAME
Personal name Murray, Irena.
9 (RLIN) 7507
856 40 - ELECTRONIC LOCATION AND ACCESS
Materials specified Amazon.com
Uniform Resource Identifier <a href="http://www.amazon.com/exec/obidos/ASIN/185946517X/chopaconline-20">http://www.amazon.com/exec/obidos/ASIN/185946517X/chopaconline-20</a>
942 ## - ADDED ENTRY ELEMENTS (KOHA)
Source of classification or shelving scheme
Koha item type Book
Holdings
Withdrawn status Lost status Source of classification or shelving scheme Damaged status Not for loan Permanent Location Current Location Date acquired Total Checkouts Total Renewals Full call number Barcode Date last seen Date last checked out Cost, replacement price Price effective from Koha item type
          School of Art Design and Architecture (SADA) School of Art Design and Architecture (SADA) 04/04/2014 4 2 720.92 CHA 2013 SADA0002273 12/28/2015 12/14/2015 1546.67 04/07/2014 Book
© 2023 Central Library, National University of Sciences and Technology. All Rights Reserved.